000 00309nam a2200109Ia 4500
008 200302s9999 xx 000 0 und d
100 _aAnat Geva
245 _aFrank Lioyd Wright's Sacred Architecture Faith, Form, and Building Technology
260 _bTaylor &Francis Group
260 _c2012
300 _a293 P.,
999 _c3246
_d3246